000 04093nam a2200445 a 4500
003 CHAP
005 20241014134331.0
007 cr a|||||a|c|a
008 101125s2010 mx r 00010 spa d
035 _a111601
040 _cCHAP
090 _aTesis
100 1 _aVázquez Valladolid, Anayeli.
_9120540
245 1 0 _aCaracterización del sistema de producción cunícula en el Municipio de San Matías Tlalancaleca, Puebla
_c/por Anayeli Vázquez Valladolid; director de tesis Ma. Beatríz Mendoza Alvarez.
264 1 _aChapingo, Méx. :
_bEl autor,
_c2010.
300 _a1 recurso en línea (69 páginas):
_bcuadros, figuras.
336 _2rdacontent
_atexto
_btxt
337 _2rdamedia
_acomputadora
_bc
338 _2rdacarrier
_arecursos en línea
_bcr
502 _bIAEZ
_cZootecnía
_d2010.
_gLIC
520 _aEl presente trabajo tuvo como objetivo primordial la caracterización del sistema de producción cunícola en base a la evaluación y organización de información respecto a las características productivas y técnicas de las granjas cunícolas pertenecientes al Sistema Producto Conejo Puebla. Los datos se recopilaron de agosto de 2009 a enero de 2010, apoyándose en la aplicación de un cuestionario en el cual se recabó información sobre características generales, alimentación, tamaño y composición de la granja, función y actividad zootécnica, manejo reproductivo, manejo sanitario, costos y comercialización, dicha información se organizó en cuadros y se analizó con hojas de cálculo. En esta investigación se determinaron variables clave que permitieron el establecimiento de la escala de producción. El estudio incluye aspectos de mano de obra, tamaño de la unidad de producción, manejo alimenticio, reproductivo y sanitario, entre otros. Para ello se recurrió a criterios de estratificación de estructura social y sistema de producción. El 100% de los productores corresponden al sistema de producción familiar, predominando (94%) la mano de obra del núcleo familiar. Dentro de las características productivas, el 72% de las granjas proporcionan concentrado peletizado suplementado con algún forraje o subproducto; el 56% no cuenta con nave, y el 61% realizan la limpieza y desinfección de la granja. El 78% de los productores han recibido el servicio de asesoría técnica. Existe un déficit de 40% de producción técnica o 52% en producción mínima rentable según el número de animales reportados al momento del levantamiento de la encuesta. Las ventas por lo general se ven afectadas por la cultura gastronómica del lugar, debido a que la población, en su mayoría, dice no gustar de la carne, existiendo una cultura del no consumo. Se tiene un potencial de crecimiento de aproximadamente 50%, es decir, las granjas en su mayoría están produciendo a la mitad de su capacidad en equipo instalado; dado el sistema de producción resultante. La baja producción y nula rentabilidad obtenida en las granjas se debe básicamente a limitantes que retrasan el desarrollo de estás como la falta de canales de comercialización, la baja adopción de tecnologías, la renuencia a cambiar el manejo tradicional llevado por generaciones por nuevas técnicas de uso y manejo de los animales.
590 _aALEPH
_b10
_c20130110
590 _aBATCH-UPD
_b10
_c20130110
590 _aBATCH-UPD
_b10
_c20130410
590 _aBATCH-UPD
_b10
_c20130914
590 _aBATCH-UPD
_b10
_c20140324
590 _aBATCH-UPD
_b10
_c20141002
590 _aCONVERSION
_b10
_c20130109
650 1 4 _aConejos
_xProducción.
_926375
650 1 4 _aCunicultura
_xPuebla.
_930453
650 1 4 _aSistemas de producción animal.
_9106771
700 1 _aMendoza Alvarez, Ma. Beatríz
_9141172
_eDirector de tesis.
856 _uhttp://10.13.5.2/tesis/111601.pdf
_zDESCARGAR PDF
901 _aBK
942 _cTD
_2Clasificación Universidad Autónoma Chapingo
949 _bBC
_cTES
_d33724002222918
_eTS2
_fc.2
_gDonaciØn
_h51513
_i111601
_sb
949 _bBC
_cTES
_d33724002222959
_eTS1
_gDonaciØn
_h51512
_i111601
_sb
999 _c99943
_d99943